000 00734nam2a2200205 4500
001 RU\NLR\BIBL_A\012027443
005 20250626172312.0
035 _a(NLR Aleph) 012027443
090 _a11533954
_c11533954
100 _a20190603d2019 |||y0rusy50 ca
101 0 _arus
102 _aRU
200 1 _aСердце
_eкак сохранить его здоровым
210 _d2019
_aБ. м.
461 0 _1001RU\NLR\BIBL_A\011489659
_12001#$aСуперсовет$eжурнал$fТолока$v2019, № 1 (56)
_911938187
_cСмоленск
_d2017 -
_fТолока
_nТолока
_oжурнал
_tСуперсовет
_x2587-8514
_v2019, № 1 (56)
852 _aNLR
_jП17/1766
942 _cISSUE
980 _aNB
980 _aRUSPER